| 000 | 00406nam a2200181Ia 4500 | ||
|---|---|---|---|
| 008 | 210210b1981 xxu||||| |||| 00| 0 eng d | ||
| 082 | _a596 DHAC | ||
| 100 | _aDHAMI (P S) | ||
| 245 | _aChordate zoology | ||
| 250 | _a | ||
| 260 |
_aNew Delhi _bR Chand & Co., _c1981 |
||
| 300 | _aviii,1146 | ||
| 440 | _a2 | ||
| 650 | _aChordates | ||
| 690 | _aZoology | ||
| 700 | _aDHAMI (J K). | ||
| 906 | _a035609 | ||
| 999 |
_c86233 _d86233 |
||